000 00606nam a2200181Ia 4500
003 GCL
008 140319s9999 xx 000 0 ara d
040 _aGCL /
_cGCL
082 0 4 _a362
_bا ا
100 1 _aاحمد مصطفى خاطر
245 1 0 _aالادارة وتقويم مشروعات الرعاية الاجتماعية /
_cاحمد مصطفى خاطر
260 _a[S.N] :
_bالمكتب الجامعى الحديث ،
_c1993
300 _a247 ص
490 _a
650 0 4 _aالخدمة الاجتماعية
650 0 4 _aجمعيات الخدمة الاجتماعية
942 _2ddc
_cBK
999 _c32579
_d32579